Statistics for Closest Larger 1M Non-Capital City to each World Capital - Yellow Box Option

Click here to take the quiz!

General Stats

  • This quiz has been taken 22 times
  • The average score is 45 of 196

Answer Stats

Capital CityD (km)Closest% Correct
Amsterdam56Rotterdam
67%
Abu Dhabi125Dubai
67%
Jerusalem54Tel Aviv-Jaffa
67%
Athens570Istanbul
60%
Colombo682Chennai
53%
Abuja340Kano
53%
Vatican City190Naples
53%
Brussels121Rotterdam
47%
Rabat86Casablanca
47%
Bern96Zurich
47%
Belgrade614Katowice (673 Naples)
47%
Andorra la Vella136Barcelona
47%
Seoul870Shanghai
40%
Yaoundé201Douala
40%
Ankara351Istanbul
40%
Beijing1069Shanghai
40%
Bishkek195Alma-Ata
40%
Manama52Dammam
40%
Phnom Penh212Ho Chi Minh City
40%
Rome188Naples
40%
Sana'a861Jeddah
40%
Accra411Lagos
40%
Bucharest439Istanbul
40%
Copenhagen289Hamburg
40%
Porto-Novo87Lagos
40%
Beirut210Tel Aviv-Jaffa
33%
Yamoussoukro215Abidjan
33%
Riga492Saint Petersburg
33%
Canberra241Sydney
33%
Paris2258Istanbul
33%
Lisbon584Casablanca
33%
Doha191Dammam
33%
Helsinki300Saint Petersburg
33%
Warsaw260Katowice (753 Hamburg)
33%
Jakarta3319Guangzhou
33%
Vienna299Katowice (356 Munich)
33%
Kuala Lumpur1006Ho Chi Minh City
33%
Kuwait City1237Jeddah
33%
Bratislava273Katowice (411 Munich)
33%
Vaduz78Zurich
33%
Tokyo2903Guangzhou
33%
Bamako920Abidjan
33%
Lomé242Lagos
33%
Nairobi667Dar es Salaam
33%
Algiers518Barcelona
33%
Antananarivo1610Dar es Salaam
33%
Dodoma396Dar es Salaam
33%
Podgorica454Naples
27%
Paramaribo1098Belém
27%
Bissau1463Abidjan
27%
Caracas1061Medellín
27%
Madrid2745Istanbul
27%
Oslo710Hamburg
27%
Manila1242Guangzhou
27%
Muscat380Dubai
27%
Buenos Aires1674São Paulo
27%
Monaco149Turin
27%
Washington330New York
27%
Minsk692Saint Petersburg
27%
Taipei358Xiamen
27%
Asmara680Mecca
27%
Luxembourg157Cologne / Dusseldorf
27%
Conakry1161Abidjan
27%
London5005Lagos
27%
Port Louis2461Dar es Salaam
27%
Nassau300Miami
27%
Kampala1081Dar es Salaam
27%
Kiev1043Istanbul
27%
Dublin221Liverpool
27%
Vilnius650Katowice (658 Saint Petersburg)
27%
Gaborone764Durban
27%
Chișinău152Odessa
27%
Berlin450The Ruhr (479 Cologne/Dusseldorf)
27%
Prague302Munich
27%
Lusaka1531Dar es Salaam
27%
Quito272Guayaquil
27%
Honiara2123Brisbane
27%
Wellington492Auckland
27%
Sofia503Istanbul
27%
Tripoli887Naples
27%
Tunis570Naples
27%
N'Djamena710Kano
27%
Moroni696Dar es Salaam
27%
San Marino308Milan
27%
Monrovia757Abidjan
27%
Baghdad1610Istanbul
27%
Banjul1643Abidjan
27%
Port Moresby2086Brisbane
27%
Mogadishu1191Dar es Salaam
27%
Funafuti3169Auckland
27%
Apia2880Auckland
27%
Malabo108Douala
27%
Addis Ababa1382Jeddah
27%
Dhaka1891Mumbai
27%
Delhi3654Guangzhou
27%
Dakar1800Abidjan
27%
Maputo461Durban
27%
Maseru344Durban
27%
Mbabane393Durban
27%
Brazzaville1109Douala
20%
Reykjavík1339Glasgow
20%
Skopje614Naples
20%
Bangui982Douala
20%
Pristina610Naples
20%
Stockholm691Saint Petersburg
20%
Tallinn318Saint Petersburg
20%
Tirana471Naples
20%
Moscow4177Karachi
20%
Budapest790Milan
20%
Sarajevo475Naples
20%
Ljubljana320Munich
20%
Djibouti1145Mecca
20%
Freetown1074Abidjan
20%
Pretoria (Johannesburg)4483Lagos
20%
Suva2104Auckland
20%
Port Vila1902Brisbane
20%
Victoria1750Mombasa
20%
Windhoek1514Port Elizabeth
20%
Amman573Alexandria
20%
Ashgabat214Meshed
20%
Nukuʻalofa1994Auckland
20%
Bandar Seri Begawan1115Ho Chi Minh City
20%
Santiago2587São Paulo
20%
Luanda2012Lagos
20%
Montevideo708Porto Alegre
20%
Lima3458São Paulo
20%
Libreville406Douala
20%
Brasília623Belo Horizonte
20%
Kinshasa1781Lagos
20%
Riyadh2043Karachi
20%
Santo Domingo1337Miami
20%
Singapore1095Ho Chi Minh City
20%
Panama City528Medellín
20%
Ottawa165Montreal
20%
Havana365Miami
20%
Juba1334Mombasa
20%
Port-au-Prince1142Miami
20%
Mexico City12,929Shanghai
13%
Guatemala City1513Guadalajara
13%
Zagreb422Munich
13%
Tarawa3834Brisbane
13%
Ouagadougou628Kumasi
13%
Dili776Makassar
13%
Tehran1913Karachi
13%
Nouakchott1512Agadir
13%
Harare1334Durban
13%
Praia2228Agadir
13%
Nicosia268Adana
13%
São Tomé495Port Harcourt
13%
Naypyidaw246Mandalay
13%
Lilongwe730Lubumbashi
13%
Kathmandu446Lucknow
13%
Khartoum2848Istanbul
13%
Islamabad (Rawalpindi)143Peshawar
13%
Male712Cochin
7%
La Paz1729Manaus
7%
Kabul503Faisalabad
7%
Valletta351Sousse
7%
Dushanbe560Peshawar
7%
Bujumbura708Mbuji-Mayi
7%
Bangkok1704Guangzhou
7%
Majuro3662Honolulu
7%
Melekeok994Davao
7%
Baku869Isfahan
7%
Palikir3593Davao
7%
Astana443Omsk
7%
Niamey667Kaduna
7%
Asunción825Porto Alegre
7%
Pyongyang357Dalian
7%
Tegucigalpa177San Pedro Sula
7%
Kigali854Mbuji-Mayi
7%
Cairo3564Karachi
7%
Yerevan279Tabriz
7%
Basseterre382San Juan
7%
Belmopan209San Pedro Sula
7%
Bridgetown914San Juan
7%
Castries736San Juan
7%
Vientiane533Chonburi
7%
Ulaanbaatar839Baotou
7%
Thimphu256Gauhati
7%
Roseau613San Juan
7%
Tbilisi424Tabriz
7%
Saint John's477San Juan
7%
San José1021Medellín
7%
Yaren3326Brisbane
7%
Hanoi322Nanning
0%
Tashkent1012Meshed
0%
Managua1257Barranquilla
0%
Damascus649Alexandria
0%
Kingstown765Maracay
0%
Kingston807Barranquilla
0%
Port-of-Spain666Maracay
0%
Saint George's669Maracay
0%
Georgetown1106Maracay
0%
San Salvador1127Puebla
0%
Bogotá4004New York
0%

Score Distribution

Percentile by Number Answered

Percent of People with Each Score

Your Score History

You have not taken this quiz